Skip to content
VuFind
All Fields
Title
Author
Subject
Call Number
ISBN/ISSN
Tag
Find
Advanced
Indonesian batik
Cite this
Print
Export Record
Export to RefWorks
Export to EndNoteWeb
Export to EndNote
Export to MARC
Indonesian batik
Bibliographic Details
Format:
Book
Holdings
Description
Similar Items
Staff View
MARC
LEADER
00000cam a2200000 7i4500
001
0000006911
002
000007443
005
20000330.0
020
|a
0195826612
090
0
0
|a
746.662
|b
FRA
245
1
0
|a
Indonesian batik
999
|a
0003251
|b
BUKU
|c
PINJAMAN
|e
PERPUSTAKAAN KOMUNITI PETALING JAYA
Similar Items
Batik
by: Tucker, Sarah
Published: (1999)
Batik : creating an identity
by: Lee Chor Lin
Published: (2007)
Batik : fabled cloth of Java
by: Elliott, Inger McCabe
Published: (2004)
Batik : 75 selected masterpiece
by: Smend, Rudolf G
Published: (2006)
Batik : fabled cloth of Java
by: Elliott, Inger McCabe
Published: (1984)